Normal view
MARC view
- Characters and characteristics in literature
Entry Topical Term
001 - CONTROL NUMBER
- control field: 93591
003 - CONTROL NUMBER IDENTIFIER
- control field: NUST
005 - DATE AND TIME OF LATEST TRANSACTION
- control field: 20220715114147.0
008 - FIXED-LENGTH DATA ELEMENTS
- fixed length control field: 220715|| aca||aabn | a|a d
040 ## - CATALOGING SOURCE
- Original cataloging agency: NUST
- Transcribing agency: NUST
150 ## - HEADING--TOPICAL TERM
- Topical term or geographic name entry element: Characters and characteristics in literature
- Form subdivision: Handbooks, manuals, etc
670 ## - SOURCE DATA FOUND
- Source citation: Work cat.: (NUST)0: Edelstein, Linda. 93589, Writer's guide to character traits :, c2006.
